Normal view
MARC view
Entry Meeting Name
001 - CONTROL NUMBER
- control field: 9649
003 - CONTROL NUMBER IDENTIFIER
- control field: ARRUPE
005 - DATE AND TIME OF LATEST TRANSACTION
- control field: 20140402111425.0
008 - FIXED-LENGTH DATA ELEMENTS
- fixed length control field: 140402|| aca||aabn | a|a d
040 ## - CATALOGING SOURCE
- Original cataloging agency: ARRUPE
- Transcribing agency: ARRUPE
111 ## - HEADING--MEETING NAME
- Meeting name or jurisdiction name as entry element: Zimbabwe International Book Fair
- Date of meeting: (2000 :
- Location of meeting: Harare, Zimbabwe)
670 ## - SOURCE DATA FOUND
- Source citation: Work cat.: (ARRUPE)0: Zimbabwe International Book Fair (2000 : Harare, Zimbabwe), Indaba 2000 :, [2000?]